The best school year ever / (Record no. 3773)

MARC details
000 -LEADER
fixed length control field 01035cam a2200313 a 4500
005 - DATE AND TIME OF LATEST TRANSACTION
control field 20240506160505.0
020 ## - INTERNATIONAL STANDARD BOOK NUMBER
International Standard Book Number 0590582895
040 ## - CATALOGING SOURCE
Original cataloging agency DLC
Transcribing agency DLC
Modifying agency DLC
Language of cataloging eng
050 00 - LIBRARY OF CONGRESS CALL NUMBER
Classification number PZ7.R5628
Item number 1994
082 00 - DEWEY DECIMAL CLASSIFICATION NUMBER
Classification number 808.899
100 1# - MAIN ENTRY--PERSONAL NAME
Personal name Robinson, Barbara
Dates associated with a name 1927-2013.
245 14 - TITLE STATEMENT
Title The best school year ever /
Statement of responsibility, etc. Barbara Robinson.
250 ## - EDITION STATEMENT
Edition statement First Scholastic printing , September 1996
260 ## - PUBLICATION, DISTRIBUTION, ETC.
Place of publication, distribution, etc. New York :
Name of publisher, distributor, etc. Scholastic ,
Date of publication, distribution, etc. 1994
300 ## - PHYSICAL DESCRIPTION
Extent 117 pages :
Dimensions 21 cm .
Other physical details illustrations ;
490 ## - SERIES STATEMENT
Series statement The Herdmans
500 ## - GENERAL NOTE
General note Second word of title appears on t.p. with X through it.
505 ## - FORMATTED CONTENTS NOTE
Formatted contents note Z <br/>
520 ## - SUMMARY, ETC.
Summary, etc. The six horrible Herdmans, the worst children in the history of the world, cause mayhem throughout the school year.
521 ## - TARGET AUDIENCE NOTE
Target audience note 1020 <br/>
Source Lexile <br/>
521 ## - TARGET AUDIENCE NOTE
Target audience note Z <br/>
Source Raz-Plus <br/>
650 #1 - SUBJECT ADDED ENTRY--TOPICAL TERM
Topical term or geographic name entry element Schools
Form subdivision Fiction.
650 #1 - SUBJECT ADDED ENTRY--TOPICAL TERM
Topical term or geographic name entry element Siblings
Form subdivision Fiction.
650 #1 - SUBJECT ADDED ENTRY--TOPICAL TERM
Topical term or geographic name entry element Behavior
Form subdivision Fiction.
650 #1 - SUBJECT ADDED ENTRY--TOPICAL TERM
Topical term or geographic name entry element Humorous stories.
906 ## - LOCAL DATA ELEMENT F, LDF (RLIN)
a 7
b cbc
c orignew
d 1
e ocip
f 19
g y-gencatlg
942 ## - ADDED ENTRY ELEMENTS (KOHA)
Source of classification or shelving scheme Dewey Decimal Classification
Koha item type Books
Suppress in OPAC No
999 ## -
-- 3773
-- 3773
Holdings
Withdrawn status Lost status Source of classification or shelving scheme Damaged status Not for loan Collection Home library Current library Shelving location Date acquired Total Checkouts Full call number Barcode Date last seen Price effective from Koha item type
    Dewey Decimal Classification     Fiction Footprints International School Library Network Toul Tom Poung Campus Footprints International School Library Network Toul Tom Poung Campus TTP Secondary Fiction Bookshelves 05/06/2024   ROB 808.899 PZ7.R5628 2024-0569 05/06/2024 05/06/2024 Books